| 000 | 00380nam a2200145 4500 | ||
|---|---|---|---|
| 999 |
_c9527 _d9527 |
||
| 003 | OSt | ||
| 005 | 20210701165242.0 | ||
| 008 | 210701b ||||| |||| 00| 0 eng d | ||
| 020 | _a9783037786222 | ||
| 082 |
_a901.94 _bFUL |
||
| 100 | _a Fuller, R. Buckminster | ||
| 245 | _aUtopia or oblivion : the prospects for humanity | ||
| 260 |
_aSwidzerland _bLars mullar _c2008 |
||
| 942 | _2ddc | ||